header

Horrible Harry in Room 2B (Record no. 260968)

MARC details
000 -LEADER
fixed length control field 00239nam a22001097a 4500
020 ## - INTERNATIONAL STANDARD BOOK NUMBER
ISBN 05590439421
100 ## - MAIN ENTRY--AUTHOR NAME
Personal name Suzy Kline
245 ## - TITLE STATEMENT
Title Horrible Harry in Room 2B
260 ## - PUBLICATION, DISTRIBUTION, ETC. (IMPRINT)
Place of publication New York
Name of publisher Scholastic
Year of publication 1988
300 ## - PHYSICAL DESCRIPTION
Number of Pages 56 pgs
942 ## - ADDED ENTRY ELEMENTS (KOHA)
Koha item type Long Loan Books

No items available.

© 2026 Rongo University
Contact us: librarian | system librarian | Rongo university